Blockchain: a Hype or a Hoax (Record no. 43571)

MARC details
000 -LEADER
fixed length control field 01462cam a22003255i 4500
001 - CONTROL NUMBER
control field 22892787
005 - DATE AND TIME OF LATEST TRANSACTION
control field 20250404163816.0
008 - FIXED-LENGTH DATA ELEMENTS--GENERAL INFORMATION
fixed length control field 221206s2023 flu 000 0 eng
010 ## - LIBRARY OF CONGRESS CONTROL NUMBER
LC control number 2022951177
020 ## - INTERNATIONAL STANDARD BOOK NUMBER
International Standard Book Number 9781032126579
020 ## - INTERNATIONAL STANDARD BOOK NUMBER
International Standard Book Number 9781032126586
020 ## - INTERNATIONAL STANDARD BOOK NUMBER
Canceled/invalid ISBN 9781003225607
042 ## - AUTHENTICATION CODE
Authentication code pcc
082 ## - DEWEY DECIMAL CLASSIFICATION NUMBER
Classification number 005.758 SHA
100 1# - MAIN ENTRY--PERSONAL NAME
Author Sharma, Kapil,
245 10 - TITLE STATEMENT
Title Blockchain: a Hype or a Hoax
250 ## - EDITION STATEMENT
Edition statement 1st
260 ## - PUBLICATION, DISTRIBUTION, ETC.
Place UK
Publisher CRC Press
Publication Year 2023
300 ## - PHYSICAL DESCRIPTION
Extent 261;. pages: 23 cm
520 ## - SUMMARY, ETC.
Summary, etc. "This book will provide a guidance on how to create a Blockchain strategy, business case to pitch for the budget, a case study to apply the knowledge on practical use cases for Blockchain and also a technical overview of most of the Blockchain use cases in the market. The distinctive feature of this book will be critical analysis of Blockchain from technology and business perspective. This book will be aimed at Technology students, Technology professionals, Blockchain and fintech consultants, Business leaders and anyone who is fascinated by Blockchain"--
650 ## - SUBJECT ADDED ENTRY--TOPICAL TERM
Subject Blockchains (Databases)-Government Policy; Internet Governance; Technology and Law
942 ## - ADDED ENTRY ELEMENTS (KOHA)
Koha item type Books
263 ## - PROJECTED PUBLICATION DATE
Projected publication date 2312
264 #1 - PRODUCTION, PUBLICATION, DISTRIBUTION, MANUFACTURE, AND COPYRIGHT NOTICE
Place of production, publication, distribution, manufacture Boca Raton :
Name of producer, publisher, distributor, manufacturer CRC Press,
Date of production, publication, distribution, manufacture, or copyright notice 2023.
336 ## - CONTENT TYPE
Content type term text
Content type code txt
Source rdacontent
337 ## - MEDIA TYPE
Media type term unmediated
Media type code n
Source rdamedia
338 ## - CARRIER TYPE
Carrier type term volume
Carrier type code nc
Source rdacarrier
906 ## - LOCAL DATA ELEMENT F, LDF (RLIN)
a 0
b ibc
c orignew
d 2
e epcn
f 20
g y-gencatlg
Holdings
Withdrawn status Lost status Source of classification or shelving scheme Damaged status Not for loan Home library Current library Shelving location Accession Date Vendor Price Bill number Total Checkouts Full call number Barcode No Date last seen Discount Bill Date Koha item type Suggested By
    Dewey Decimal Classification     IMTN IMTN Rack 3-B 03/27/2025 Raghav Books Private Limited 3894.39 2374   005.758 SHA 33843 04/04/2025 33 02/14/2025 Books Dr. Mantha Raghu (Head Librarian)
Designed & Maintained by: LRC IMT Nagpur Contact: lrc@imtnag.ac.in© 2024. All Rights Reserved.